Catholic Peacebuilding and Mining (Record no. 7683)
[ view plain ]
| 000 -LEADER | |
|---|---|
| fixed length control field | 00849nam a2200121Ia 4500 |
| 008 - FIXED-LENGTH DATA ELEMENTS--GENERAL INFORMATION | |
| fixed length control field | 220615s9999||||xx |||||||||||||| ||und|| |
| 245 #0 - TITLE STATEMENT | |
| Title | Catholic Peacebuilding and Mining |
| Remainder of title | Integral Peace, Development, and Ecology |
| 546 ## - LANGUAGE NOTE | |
| Language note | English[eng] |
| 650 ## - SUBJECT ADDED ENTRY--TOPICAL TERM | |
| Topical term or geographic name entry element | Caesar A. Montevecchio||Catholic||Catholic Church||Catholic Peacebuilding and the Mining Industry||Catholic Studies||Church||Colombia||conflict||Democratic Republic of the Congo||development||El Salvador||ecclesiological||environmental justice||ethics||Gerard Powers||governance||harmful||human rights||industry||institution||mining||Peru||Philippines||peace||peacebuilding||Religion||Religious Studies||sustainable||Theology||unethical |
| 700 ## - ADDED ENTRY--PERSONAL NAME | |
| Personal name | Montevecchio, Caesar A.||Powers, Gerard F. |
| 856 ## - ELECTRONIC LOCATION AND ACCESS | |
| Uniform Resource Identifier | <a href="https://library.oapen.org/bitstream/20.500.12657/52579/1/9781000529142.pdf">https://library.oapen.org/bitstream/20.500.12657/52579/1/9781000529142.pdf</a> |
| 942 ## - ADDED ENTRY ELEMENTS (KOHA) | |
| Koha item type | E-Books |
| Withdrawn status | Lost status | Damaged status | Not for loan | Home library | Current library | Date acquired | Total Checkouts | Date last seen | Price effective from | Koha item type |
|---|---|---|---|---|---|---|---|---|---|---|
| Kerala University of Digital Sciences, Innovation and Technology Knowledge Centre | Kerala University of Digital Sciences, Innovation and Technology Knowledge Centre | 15/06/2022 | 15/06/2022 | 15/06/2022 | E-Books |